|
|
|
|
| LEADER |
00000nam a2200000 a 4500 |
| 001 |
vtls001356537 |
| 003 |
SK-MaSNL |
| 005 |
20260301114946.0 |
| 008 |
240314s1962 xr 0 100 cze |
| 035 |
|
|
|a SNK000310014
|
| 040 |
|
|
|a SNK
|b slo
|c SNK
|e AACR2
|
| 041 |
|
|
|a cze
|
| 044 |
|
|
|a xr
|c CZ
|
| 080 |
|
|
|a 78.03(035)
|2 2001
|
| 100 |
1 |
|
|a Holzknecht, Václav
|4 aut
|9 452850
|
| 245 |
1 |
0 |
|a Kniha o hudbě
|c Kolektiv autorů za vedení Václava Holzknechta, Vladimíra Poše, Miroslava Nedbala ; obálka Milan Hegar
|
| 250 |
|
|
|a 1. vyd.
|
| 260 |
|
|
|a Praha
|b Orbis
|c 1962
|e Praha
|f Knihtisk
|
| 300 |
|
|
|a 538 s.
|c 19 cm
|
| 490 |
1 |
|
|a Malá moderní encyklopedie
|v Svazek 32
|
| 650 |
0 |
7 |
|a dejiny hudby
|2 SNKPH
|9 3387
|
| 655 |
|
7 |
|a príručky
|2 SNKPH
|9 74364
|
| 700 |
1 |
|
|a Poš, Vladimír,
|d 1928-
|4 aut
|9 264687
|
| 700 |
1 |
|
|a Nedbal, Miloslav,
|d 1922-
|4 aut
|9 113235
|
| 700 |
1 |
|
|a Hegar, Milan,
|d 1921-1987
|4 bjd
|9 108686
|
| 830 |
|
0 |
|a Malá moderní encyklopedie
|9 290476
|
| 999 |
|
|
|c 720402
|d 722332
|
| 952 |
|
|
|t P60, <04>, [BOOK], {604}
|a SNK
|b SNK
|y VYP
|7 0
|p 17A0184367
|o snkID 32123
|0 0
|1 0
|4 0
|d 1999-03-02
|l 0
|r 2005-01-02 00:00:00
|w 2026-02-23
|